Statistics for Nba All time teams

Click here to take the quiz!

General Stats

  • This quiz has been taken 22 times
  • The average score is 20 of 45

Answer Stats

HintAnswer% Correct
CKareem Abdul-Jabbar
94%
PfKareem Abdul-Jabbar
94%
Lakers
Pg
Magic Johnson
94%
SgKobe Bryant
89%
CShaquille O'Neal
89%
SfScottie Pippen
67%
PfTim Duncan
67%
CDavid Robinson
61%
SfJames Worthy
56%
PfKevin Garnett
56%
SgManu Ginóbili
56%
SfPaul Pierce
56%
Spurs
Pg
Tony Parker
56%
CBill Russell
50%
Bulls
Pg
Derrick Rose
50%
PfDraymond Green
50%
PfGiannis Antetokounmpo
50%
SfKawhi Leonard
50%
SgRay Allen
50%
SgRay Allen
50%
CWilt Chamberlain
50%
SgKlay Thompson
44%
SgTony Allen
44%
Celtics
Pg
Bob Cousy
39%
PfDennis Rodman
39%
Pistons
Pg
Isaiah Thomas
39%
Bucks
Pg
Oscar Robertson
39%
Kings
Pg
Oscar Robertson
39%
Grizzlies
Pg
Ja Morant
33%
CArtis Gilmore
28%
PfBen Wallace
28%
CBill Laimbeer
28%
PfChris Webber
28%
SgJoe Dumars
28%
PfMarc Gasol
28%
CPau Gasol
28%
SgMicheal Jordan
22%
SfZach Randolph
22%
CDomantas Sabonis
17%
SfGrant Hill
17%
SfKevin Durant
17%
SfSidney Moncrief
17%
Warriors
Pg
Steph Curry
17%
SgMitch Richmond
11%
SfRudy Gay
0%

Score Distribution

Percentile by Number Answered

Percent of People with Each Score

Your Score History

You have not taken this quiz